000 00885cam a2200325 i 4500
001 0000585
003 DO-SdBNP
005 20240527134453.0
007 0000585
008 100514s 2001 sp 000 f spa
015 _a
017 _a
_b
020 _a8466301925
035 _a
040 _aBPMSU
_bspa
_cBPMSU
_e
080 _a
082 4 _aCo864.6
_bA116t 2001
_222
092 _a
_2
100 1 _aAbad Faciolince, Héctor
_d1958-
245 1 0 _aTratado de culinaria para mujeres tristes /
_cHéctor Abad Faciolince
260 _aEspaña :
_bSantillana Ediciones Generales,
_c2001.
300 _a137 p.:
_c18 cm
490 0 _aPunto de lectura,
_v134 / 1
500 _aIncluye datos biográficos del autor.
590 _aInventariado, 2024/VM
600 _2E
650 4 _aEndayos colombianos
910 _aVMateo V. Control de calidad. BPMSU
942 _2ddc
_cBK
999 _c11100
_d11100